000 00515nam a2200169Ia 4500
008 090711s9999 xx 000 0 und d
082 _b68414
100 _aगोगटे शकुंतला
245 _aमgगजळाSाी तहान
260 _c1992
300 _a142
600 _aगोगटे शकुंतला
630 _aमgगजळाSाी तहान
700 _aगोगटे शकुंतला
730 _aमgगजळाSाी तहान
942 _cBOOK
999 _c311012
_d311012